000 00459nam a2200157Ia 4500
008 240729s9999 xx 000 0 und d
022 _a2286-3745
245 0 _aJournal of Environmental and Tourism Analyses
260 _aRomania
260 _bEditura Universitara
650 _a Geography (General)
650 _aGeography. Anthropology. Recreation
856 _uhttps://doaj.org/toc/94c65d7bd7bf4137911b48de865833b7
942 _2ddc
942 _cDOAJEJ
999 _c66445
_d66445
945 _a1
_bMadushi Gamage
_c1
_dMadushi Gamage